Statistics for Picture Quiz: Statues Of British Football Managers

Click here to take the quiz!

General Stats

  • This quiz has been taken 42 times
  • The average score is 7 of 10

Answer Stats

Answer% Correct
Bill Shankly
92%
Matt Busby
81%
Brian Clough
78%
Bobby Robson
75%
Alex Ferguson
72%
Bob Paisley
58%
Don Revie
58%
Alf Ramsey
53%
Jock Stein
53%
Bob Stokoe
31%

Score Distribution

Percentile by Number Answered

Percent of People with Each Score

Your Score History

You have not taken this quiz